|
|
|
|
| LEADER |
01636aam a22002777i 4500 |
| 001 |
1563550 |
| 005 |
20210117210248.0 |
| 008 |
161213s1995 enk f b 001 0 eng d |
| 010 |
|
|
|a 94012202
|
| 020 |
|
|
|a 0415087686
|q (hbk)
|
| 020 |
|
|
|a 0415087694
|q (pbk.)
|
| 040 |
|
|
|a DLC
|b gre
|c DLC
|d NNC
|d GR-PaULI
|e AACR2
|
| 082 |
0 |
0 |
|a 792.082
|2 23
|
| 100 |
1 |
|
|a Aston, Elaine
|9 153157
|e συγγραφέας
|
| 245 |
1 |
3 |
|a An introduction to feminism and theatre /
|c Elaine Aston.
|
| 260 |
|
|
|a London ;
|a New York :
|b Routledge,
|c 1995.
|
| 300 |
|
|
|a ix, 166 σ. ;
|c 23 εκ.
|
| 504 |
|
|
|a Περιλαμβάνει βιβλιογραφία (σ. 151-162) και ευρετήριο.
|
| 505 |
0 |
|
|a 1. Background: Feminism and theatre studies -- 2. Finding a Tradition: Feminism and theatre history -- 3. Feminist Theories of Representation: The case against realism -- 4. M/Othering the Self: French feminist theory and theatre -- 5. Staging Feminism(s) -- 6. Black Women: Shaping feminist theatre -- 7. Performing Gender: A Materialist Practice -- 8. The 'Prisonhouse of Criticism': Susan Glaspell -- 9. 'Bodily Harm' -- 10. Colonial Landscapes -- 11. Performing Romantic Criticism: Case study and conclusion.
|
| 650 |
|
4 |
|a Φεμινισμός και θέατρο
|9 106968
|
| 650 |
|
4 |
|a Θέατρο, Φεμινιστικό
|9 157653
|
| 650 |
|
4 |
|a Γυναίκες στο θέατρο
|9 157646
|
| 942 |
|
|
|2 ddc
|c BK15
|
| 952 |
|
|
|0 0
|1 0
|2 ddc
|4 0
|6 792_082000000000000
|7 0
|9 208123
|a THST
|b THST
|d 2016-12-13
|i 014359
|l 1
|m 1
|o 792.082
|p 025000138547
|r 2022-11-24 00:00:00
|s 2021-07-29
|t 1
|v 2016.00
|w 2016-12-13
|y BK15
|
| 998 |
|
|
|c ΜΑΝΙΑ
|d 2016-12
|
| 999 |
|
|
|c 126551
|d 126551
|